East Africa Community Customs Union (Record no. 533)
[ view plain ]
| 000 -LEADER | |
|---|---|
| fixed length control field | 00321nam a22001097a 4500 |
| 008 - FIXED-LENGTH DATA ELEMENTS--GENERAL INFORMATION | |
| fixed length control field | 230606b xxu||||| |||| 00| 0 eng d |
| 082 ## - DEWEY DECIMAL CLASSIFICATION NUMBER | |
| Classification number | 346.06 |
| Item number | EAC |
| 110 ## - MAIN ENTRY--CORPORATE NAME | |
| Subordinate unit | The East African community secretariant |
| 245 ## - TITLE STATEMENT | |
| Title | East Africa Community Customs Union |
| Remainder of title | Customs Procedure Manuals:volume I |
| 300 ## - PHYSICAL DESCRIPTION | |
| Extent | 136p |
| 942 ## - ADDED ENTRY ELEMENTS (KOHA) | |
| Source of classification or shelving scheme | Dewey Decimal Classification |
| Koha item type | Books |
| Withdrawn status | Lost status | Source of classification or shelving scheme | Damaged status | Not for loan | Home library | Current library | Date acquired | Total Checkouts | Full call number | Barcode | Date last seen | Price effective from | Koha item type |
|---|---|---|---|---|---|---|---|---|---|---|---|---|---|
| Dewey Decimal Classification | Bunge Tower Library | Bunge Tower Library | 06/06/2023 | 346.06 EAC | 1000219 | 06/06/2023 | 06/06/2023 | Books | |||||
| Dewey Decimal Classification | Bunge Tower Library | Bunge Tower Library | 06/06/2023 | 346.06 EAC | 1000218 | 06/06/2023 | 06/06/2023 | Books |
